[Event "St Petersburg  North-West Cup-B"]
[Site "St Petersburg"]
[Date "2018.12.10"]
[Round "8"]
[White "Varitski, Igor"]
[Black "Jezov, Roman"]
[Result "0-1"]
[WhiteElo "2216"]
[BlackElo "2273"]
[PlyCount "93"]
[EventDate "2018.12.03"]
[EventType "tourn"]
[EventRounds "9"]
[EventCountry "RUS"]
[EventCategory "3"]
[SourceTitle "CBM 187 Extra"]
[Source "ChessBase"]
[SourceDate "2018.11.04"]
[SourceVersion "1"]
[SourceVersionDate "2018.11.04"]
[SourceQuality "1"]

1. e4 e5 2. Nf3 Nc6 3. d4 exd4 4. c3 dxc3 5. Nxc3 Bb4 6. Bc4 d6 7. 0-0 Bxc3 8. bxc3 Nf6 9. Qc2 Qe7 10. Re1 Ne5 11. Be2 Nxf3+ 12. Bxf3 0-0 13. Rb1 Nd7 14. Be3 Ne5 15. Be2 b6 16. h3 Qh4 17. Rf1 Re8 18. Kh2 Ng4+ 19. Bxg4 Bxg4 20. f3 Bd7 21. Qd2 f5 22. Bg5 Qh5 23. exf5 h6 24. Qd5+ Qf7 25. Qxf7+ Kxf7 26. Bd2 Re2 27. Rb2 Rae8 28. Kg3 Bxf5 29. Rf2 Bd3 30. h4 Rxf2 31. Kxf2 Re2+ 32. Kg3 Bc4 33. a3 a5 34. h5 Ke6 35. Kh3 Rf2 36. Bc1 Rf1 37. Be3 Ra1 38. Bd4 Kf7 39. f4 Rxa3 40. Rc2 b5 41. Kg4 c5 42. Bf2 a4 43. Rd2 Rxc3 44. Rxd6 Be6+ 45. f5 Rc4+ 46. Kg3 Bxf5 47. Rd5 0-1

[Event "EST-ch U20"]
[Site "Tallinn"]
[Date "2018.04.26"]
[Round "3"]
[White "Jezov, Roman"]
[Black "Seeman, Tarvo"]
[Result "1/2-1/2"]
[WhiteElo "2263"]
[BlackElo "2426"]
[PlyCount "92"]
[EventDate "2018.04.25"]
[EventType "swiss"]
[EventRounds "9"]
[EventCountry "EST"]
[SourceTitle "CBM 184 Extra"]
[Source "ChessBase"]
[SourceDate "2018.06.28"]
[SourceVersion "1"]
[SourceVersionDate "2018.06.28"]
[SourceQuality "1"]

1. e4 c5 2. Nf3 g6 3. d4 cxd4 4. Nxd4 Bg7 5. c4 Nc6 6. Be3 Nf6 7. Nc3 0-0 8. Be2 d6 9. 0-0 Bd7 10. f3 Qb6 11. Ncb5 a6 12. Nc2 Qa5 13. a4 Rfc8 14. Nc3 Be6 15. Nd5 Nd7 16. b4 Qd8 17. Rb1 a5 18. bxa5 Qxa5 19. Rxb7 Qxa4 20. Nd4 Bxd5 21. exd5 Nxd4 22. Bxd4 Ne5 23. Rxe7 Qxd1 24. Rxd1 Nxc4 25. Rd7 Bxd4+ 26. Rxd4 Ne3 27. Rd3 Re8 28. Rd2 Red8 29. Rc7 Ra5 30. Rb7 Rc5 31. Rb5 Rxb5 32. Bxb5 Rb8 33. Be2 Rb3 34. Kf2 Kg7 35. Bd3 Nf5 36. Bxf5 gxf5 37. f4 Kg6 38. g3 h5 39. Kg2 h4 40. Kh3 hxg3 41. hxg3 Kh5 42. Rd1 Rb2 43. Rd3 Re2 44. Rd1 f6 45. Rd3 Kg6 46. Rd1 Kh5 1/2-1/2

[Event "Keres Memorial rap 27th"]
[Site "Tallinn"]
[Date "2018.01.14"]
[Round "10"]
[White "Jezov, Roman"]
[Black "Kovalev, Vladislav"]
[Result "0-1"]
[WhiteElo "2270"]
[BlackElo "2639"]
[PlyCount "58"]
[EventDate "2018.01.13"]
[EventType "swiss (rapid)"]
[EventRounds "11"]
[EventCountry "EST"]
[SourceTitle "CBM 182 Extra"]
[Source "ChessBase"]
[SourceDate "2018.02.23"]
[SourceVersion "1"]
[SourceVersionDate "2018.02.23"]
[SourceQuality "1"]

1. Nf3 Nf6 2. c4 g6 3. b3 Bg7 4. Bb2 0-0 5. g3 d6 6. Bg2 e5 7. 0-0 c5 8. d3 Nc6 9. e3 Qe7 10. Nc3 Bf5 11. a3 Rad8 12. Nh4 Bg4 13. Qd2 Qe6 14. Ne4 Qc8 15. Rfe1 Bh3 16. Bh1 Nxe4 17. dxe4 a6 18. b4 Be6 19. Rac1 Qc7 20. Qc3 Qb6 21. bxc5 dxc5 22. Bg2 Rd6 23. Red1 Rfd8 24. Rxd6 Rxd6 25. f4 Na5 26. Bf1 Bxc4 27. Bxc4 Nxc4 28. Qxc4 Qxb2 29. Qxc5 Rc6 0-1

[Event "St Petersburg  North-West Cup-B"]
[Site "St Petersburg"]
[Date "2017.12.10"]
[Round "7"]
[White "Jezov, Roman"]
[Black "Sokolov, Andrei2222"]
[Result "0-1"]
[WhiteElo "2312"]
[BlackElo "2519"]
[PlyCount "48"]
[EventDate "2017.12.04"]
[EventType "tourn"]
[EventRounds "9"]
[EventCountry "RUS"]
[EventCategory "4"]
[SourceTitle "CBM 182 Extra"]
[Source "ChessBase"]
[SourceDate "2018.02.23"]
[SourceVersion "1"]
[SourceVersionDate "2018.02.23"]
[SourceQuality "1"]

1. e4 Nf6 2. e5 Nd5 3. d4 d6 4. Nf3 Bg4 5. c4 Nb6 6. exd6 exd6 7. Nc3 Be7 8. Be3 0-0 9. Be2 c6 10. b3 d5 11. c5 N6d7 12. 0-0 Na6 13. b4 Nc7 14. h3 Bh5 15. g4 Bg6 16. Ne5 Nxe5 17. dxe5 a5 18. a3 f6 19. f4 fxe5 20. fxe5 Rxf1+ 21. Bxf1 axb4 22. Ne2 Rxa3 23. Rxa3 bxa3 24. Qb3 Qa8 0-1

[Event "St Petersburg  North-West Cup-B"]
[Site "St Petersburg"]
[Date "2017.12.09"]
[Round "6"]
[White "Gazik, Igor"]
[Black "Jezov, Roman"]
[Result "1-0"]
[WhiteElo "2257"]
[BlackElo "2312"]
[PlyCount "101"]
[EventDate "2017.12.04"]
[EventType "tourn"]
[EventRounds "9"]
[EventCountry "RUS"]
[EventCategory "4"]
[SourceTitle "CBM 182 Extra"]
[Source "ChessBase"]
[SourceDate "2018.02.23"]
[SourceVersion "1"]
[SourceVersionDate "2018.02.23"]
[SourceQuality "1"]

1. d4 Nf6 2. Nf3 e6 3. e3 c5 4. Bd3 d5 5. Nbd2 Nc6 6. c3 Bd6 7. 0-0 0-0 8. Qe2 e5 9. dxc5 Bxc5 10. e4 h6 11. exd5 Nxd5 12. Nb3 Bd6 13. Qe4 Nf6 14. Qh4 Re8 15. Re1 Be6 16. Bd2 Nd5 17. Qxd8 Raxd8 18. Bb5 Bg4 19. Bxc6 bxc6 20. Na5 Bxf3 21. gxf3 Ne7 22. Be3 Bc7 23. Nc4 Nf5 24. Bxa7 Nh4 25. Red1 Nxf3+ 26. Kg2 Nh4+ 27. Kf1 Nf3 28. h3 e4 29. Rxd8 Rxd8 30. a4 f5 31. a5 Ra8 32. Bc5 Ra6 33. Rd1 f4 34. b4 Be5 35. Rd8+ Kh7 36. Nxe5 Nxe5 37. Rd6 f3 38. Re6 Nc4 39. Ke1 Nxa5 40. bxa5 Rxa5 41. Rxc6 g5 42. Bd4 Ra1+ 43. Kd2 Ra2+ 44. Kd1 Ra1+ 45. Kc2 Ra2+ 46. Kb3 Rd2 47. Re6 Re2 48. Kc4 h5 49. Kd5 g4 50. hxg4 h4 51. g5 1-0

[Event "St Petersburg  North-West Cup-B"]
[Site "St Petersburg"]
[Date "2017.12.08"]
[Round "5"]
[White "Jezov, Roman"]
[Black "Saveliev, Alexei"]
[Result "0-1"]
[WhiteElo "2312"]
[BlackElo "2372"]
[PlyCount "78"]
[EventDate "2017.12.04"]
[EventType "tourn"]
[EventRounds "9"]
[EventCountry "RUS"]
[EventCategory "4"]
[SourceTitle "CBM 182 Extra"]
[Source "ChessBase"]
[SourceDate "2018.02.23"]
[SourceVersion "1"]
[SourceVersionDate "2018.02.23"]
[SourceQuality "1"]

1. e4 d6 2. d4 Nf6 3. Nc3 e5 4. Nf3 Nbd7 5. Bc4 Be7 6. 0-0 0-0 7. a4 c6 8. Re1 b6 9. Ba2 a6 10. Nh4 g6 11. Nf3 Nh5 12. Bh6 Ng7 13. Qd2 Qc7 14. Rad1 Nf6 15. h3 b5 16. Ng5 Nfh5 17. Ne2 bxa4 18. g4 Nf6 19. f4 Rb8 20. c3 Qb6 21. Rb1 exd4 22. Nxd4 d5 23. exd5 Bc5 24. dxc6 Qxc6 25. Kh2 Qc7 26. Ndf3 Bb7 27. Nxf7 Rxf7 28. Ne5 Rbf8 29. Nxf7 Rxf7 30. Bxf7+ Kxf7 31. Bxg7 Kxg7 32. Rbd1 Bf3 33. g5 Nd5 34. Re5 Be3 35. Rxe3 Qxf4+ 36. Kg1 Qxg5+ 37. Kh2 Qf4+ 38. Kg1 Qg3+ 39. Kf1 Qxh3+ 0-1

[Event "St Petersburg  North-West Cup-B"]
[Site "St Petersburg"]
[Date "2017.12.05"]
[Round "2"]
[White "Iljin, Timofey"]
[Black "Jezov, Roman"]
[Result "1-0"]
[WhiteElo "2305"]
[BlackElo "2312"]
[PlyCount "41"]
[EventDate "2017.12.04"]
[EventType "tourn"]
[EventRounds "9"]
[EventCountry "RUS"]
[EventCategory "4"]
[SourceTitle "CBM 182 Extra"]
[Source "ChessBase"]
[SourceDate "2018.02.23"]
[SourceVersion "1"]
[SourceVersionDate "2018.02.23"]
[SourceQuality "1"]

1. d4 Nf6 2. c4 c5 3. d5 e6 4. Nc3 exd5 5. cxd5 d6 6. e4 g6 7. Bd3 Bg7 8. h3 0-0 9. Nf3 Re8 10. 0-0 a6 11. a4 Nbd7 12. Bf4 Qe7 13. Bh2 Ne5 14. Nxe5 dxe5 15. Be2 Rd8 16. a5 Bh6 17. Qc2 Qd6 18. Na4 Nd7 19. Bg4 Nf6 20. Bxc8 Raxc8 21. Nb6 1-0

[Event "St Petersburg  North-West Cup-B"]
[Site "St Petersburg"]
[Date "2017.12.04"]
[Round "1"]
[White "Tsoi, Dmitry"]
[Black "Jezov, Roman"]
[Result "1/2-1/2"]
[WhiteElo "2381"]
[BlackElo "2312"]
[PlyCount "82"]
[EventDate "2017.12.04"]
[EventType "tourn"]
[EventRounds "9"]
[EventCountry "RUS"]
[EventCategory "4"]
[SourceTitle "CBM 182 Extra"]
[Source "ChessBase"]
[SourceDate "2018.02.23"]
[SourceVersion "1"]
[SourceVersionDate "2018.02.23"]
[SourceQuality "1"]

1. e4 c5 2. Be2 Nc6 3. f4 e6 4. Nf3 d5 5. d3 Nf6 6. Nbd2 Be7 7. c3 0-0 8. 0-0 b5 9. Qe1 b4 10. Ne5 Bb7 11. Nxc6 Bxc6 12. e5 Ne8 13. cxb4 cxb4 14. Nb3 Qb6+ 15. Qf2 Qxf2+ 16. Kxf2 f6 17. Ke1 fxe5 18. fxe5 Nc7 19. Rxf8+ Bxf8 20. Nd4 Bd7 21. Be3 Nb5 22. Rc1 Nxd4 23. Bxd4 a5 24. Rc7 Bb5 25. Bg4 Ra6 26. Ke2 a4 27. h4 g6 28. g3 Be8 29. Rc8 Kf7 30. Rc7+ Kg8 31. Bc5 Bxc5 32. Rxc5 Kf8 33. Rc7 a3 34. b3 h5 35. Bf3 Rc6 36. Rxc6 Bxc6 37. Kd2 Ke7 38. d4 Bb5 39. Ke3 Kf7 40. Bd1 Kg7 41. g4 Kh6 1/2-1/2

[Event "EST-ch"]
[Site "Tallinn"]
[Date "2017.08.03"]
[Round "3"]
[White "Chukavin, Kirill"]
[Black "Jezov, Roman"]
[Result "1-0"]
[WhiteElo "2159"]
[BlackElo "2319"]
[PlyCount "127"]
[EventDate "2017.08.01"]
[EventType "swiss"]
[EventRounds "7"]
[EventCountry "EST"]
[SourceTitle "CBM 179 Extra"]
[Source "ChessBase"]
[SourceDate "2017.08.23"]
[SourceVersion "1"]
[SourceVersionDate "2017.08.23"]
[SourceQuality "1"]

1. e4 c5 2. Nf3 e6 3. d4 cxd4 4. Nxd4 a6 5. Be2 Nf6 6. Nc3 Qc7 7. 0-0 Nc6 8. Kh1 Nxd4 9. Qxd4 Bc5 10. Qd3 b5 11. f4 Bb7 12. Bf3 d5 13. exd5 0-0 14. d6 Qb6 15. b4 Bxb4 16. Be3 Qa5 17. Bxb7 Bxc3 18. Bxa8 Bxa1 19. Bc6 Bc3 20. Rd1 Rd8 21. Bc5 Bb4 22. Qd4 Bxc5 23. Qxc5 Nd7 24. Bxd7 Rxd7 25. Qc8+ Qd8 26. Qxa6 g5 27. Qxb5 Rxd6 28. Rxd6 Qxd6 29. Qxg5+ Kf8 30. h3 Qd1+ 31. Kh2 Qxc2 32. Qd8+ Kg7 33. Qg5+ Kf8 34. Qd8+ Kg7 35. Qd4+ Kg6 36. a4 Qa2 37. Qb4 f6 38. a5 Kf5 39. Qb5+ Kg6 40. a6 f5 41. Qb6 Qc4 42. Qd6 Qa2 43. Kg3 Qb3+ 44. Kh2 Qa2 45. a7 Qxa7 46. Qxe6+ Kg7 47. Qe5+ Kg6 48. Qe6+ Kg7 49. Qxf5 Qf2 50. Qg4+ Kf7 51. Qg3 Qc2 52. Qe3 h5 53. Qe5 Qd1 54. Qg5 Qe2 55. Qf5+ Kg8 56. Qd5+ Kh7 57. Qf3 Qb5 58. Kg3 Kh6 59. Qe3 Qc6 60. f5+ Kh7 61. Qe7+ Kh8 62. Qf8+ Kh7 63. Qf7+ Kh8 64. Qxh5+ 1-0

[Event "Baltic zt"]
[Site "Vilnius"]
[Date "2017.03.27"]
[Round "9"]
[White "Sirosh, Ilja"]
[Black "Jezov, Roman"]
[Result "0-1"]
[WhiteElo "2283"]
[BlackElo "2298"]
[PlyCount "49"]
[EventDate "2017.03.21"]
[EventType "swiss"]
[EventRounds "9"]
[EventCountry "LTU"]
[SourceTitle "CBM 177 Extra"]
[Source "ChessBase"]
[SourceDate "2017.04.27"]
[SourceVersion "1"]
[SourceVersionDate "2017.04.27"]
[SourceQuality "1"]

1. Nf3 c5 2. e4 d6 3. d4 cxd4 4. Nxd4 Nf6 5. Nc3 g6 6. Be3 Bg7 7. f3 0-0 8. Qd2 Nc6 9. 0-0-0 d5 10. Kb1 Nxd4 11. e5 Nf5 12. exf6 exf6 13. Bc5 d4 14. Bxf8 Qxf8 15. Ne2 Ne3 16. Rc1 Nc4 17. Qxd4 b5 18. c3 Bf5+ 19. Ka1 Rd8 20. Qf2 Rd2 21. Qxa7 Rd7 22. Qf2 Rd2 23. Qa7 Rd7 24. Qf2 Nd2 25. b4 0-1

[Event "Baltic zt"]
[Site "Vilnius"]
[Date "2017.03.24"]
[Round "5"]
[White "Brazdzionis, Andrius"]
[Black "Jezov, Roman"]
[Result "1-0"]
[WhiteElo "2288"]
[BlackElo "2298"]
[PlyCount "161"]
[EventDate "2017.03.21"]
[EventType "swiss"]
[EventRounds "9"]
[EventCountry "LTU"]
[SourceTitle "CBM 177 Extra"]
[Source "ChessBase"]
[SourceDate "2017.04.27"]
[SourceVersion "1"]
[SourceVersionDate "2017.04.27"]
[SourceQuality "1"]

1. d4 Nf6 2. Nc3 d5 3. Bf4 c5 4. e3 e6 5. Nb5 Na6 6. dxc5 Bxc5 7. Nf3 0-0 8. a3 Ne4 9. Bd3 Bd7 10. Nc3 Nxc3 11. bxc3 f6 12. 0-0 Nc7 13. Bg3 e5 14. Nd2 Qe7 15. c4 Be6 16. cxd5 Nxd5 17. c4 Nb6 18. Qc2 g6 19. Rfb1 Bxa3 20. Rb5 Bd7 21. Ra5 Bb4 22. R5a2 a5 23. f3 Kg7 24. Bf2 Rac8 25. e4 Nxc4 26. Nxc4 b5 27. Qe2 bxc4 28. Bxc4 Rxc4 29. Qxc4 Be6 30. Qe2 Bxa2 31. Qxa2 Qd7 32. h3 Rc8 33. Kh2 Qd3 34. Qe6 Rc2 35. Rxa5 Rxf2 36. Ra7+ Kh6 37. Qg4 g5 38. h4 Qe3 39. hxg5+ Qxg5 40. Qh3+ Qh5 41. Rxh7+ Kxh7 42. Qxh5+ Kg7 43. Qg4+ Kf7 44. Qc8 Be7 45. Kg3 Rd2 46. Qc3 Rd8 47. Qc4+ Kg6 48. Kg4 Rh8 49. g3 Kg7 50. Kf5 Rh3 51. Kg4 Rh6 52. f4 Rg6+ 53. Kf3 exf4 54. gxf4 Rg1 55. Qe6 Kf8 56. Qb6 Rg8 57. Ke3 Rg1 58. Qb8+ Kf7 59. Qb3+ Kf8 60. Kd4 Rc1 61. Qf3 Ra1 62. Kd5 Ra6 63. e5 fxe5 64. fxe5+ Ke8 65. Qh5+ Kd8 66. Qh8+ Kc7 67. Qe8 Bd8 68. e6 Rd6+ 69. Kc5 Rd1 70. Qf7+ Kc8 71. e7 Rc1+ 72. Kb5 Rb1+ 73. Ka4 Ra1+ 74. Kb3 Bxe7 75. Qxe7 Rc1 76. Qe8+ Kc7 77. Qe3 Rd1 78. Kc4 Kd8 79. Qg5+ Kc7 80. Kc5 Rf1 81. Qg3+ 1-0

[Event "Baltic zt"]
[Site "Vilnius"]
[Date "2017.03.23"]
[Round "4"]
[White "Jezov, Roman"]
[Black "Klabis, Rokas"]
[Result "1/2-1/2"]
[WhiteElo "2298"]
[BlackElo "2252"]
[PlyCount "48"]
[EventDate "2017.03.21"]
[EventType "swiss"]
[EventRounds "9"]
[EventCountry "LTU"]
[SourceTitle "CBM 177 Extra"]
[Source "ChessBase"]
[SourceDate "2017.04.27"]
[SourceVersion "1"]
[SourceVersionDate "2017.04.27"]
[SourceQuality "1"]

1. e4 c5 2. Be2 Nc6 3. f4 d5 4. d3 dxe4 5. dxe4 Qxd1+ 6. Bxd1 b6 7. c3 Bb7 8. Nf3 e6 9. Be3 Nf6 10. Nbd2 Be7 11. Bc2 0-0 12. 0-0-0 Rfd8 13. Rhe1 b5 14. Nb3 Nd7 15. e5 c4 16. Nbd4 Nxd4 17. Nxd4 a6 18. f5 Bd5 19. fxe6 fxe6 20. Nf5 Bc5 21. Bxc5 Nxc5 22. Ne7+ Kf7 23. Nxd5 Rxd5 24. Rf1+ Ke7 1/2-1/2

[Event "EU-ch blitz"]
[Site "Tallinn"]
[Date "2016.12.17"]
[Round "6"]
[White "Huzman, Alexander"]
[Black "Jezov, Roman"]
[Result "1-0"]
[WhiteElo "2557"]
[BlackElo "2298"]
[PlyCount "63"]
[EventDate "2016.12.17"]
[EventType "swiss (blitz)"]
[EventRounds "26"]
[EventCountry "EST"]
[SourceTitle "CBM 176 Extra"]
[Source "ChessBase"]
[SourceDate "2017.03.02"]
[SourceVersion "1"]
[SourceVersionDate "2017.03.02"]
[SourceQuality "1"]

1. Nf3 c5 2. c4 Nc6 3. d4 cxd4 4. Nxd4 g6 5. e4 Bg7 6. Nc2 d6 7. Be2 Nh6 8. 0-0 0-0 9. Nc3 f5 10. exf5 Nxf5 11. Bd2 Nfd4 12. Nxd4 Nxd4 13. Be3 e5 14. Qd2 Be6 15. Rac1 Rc8 16. b3 a6 17. Bd3 Kh8 18. Be4 b5 19. cxb5 Rxc3 20. Rxc3 d5 21. Bb1 Nxb5 22. Rc6 Qd7 23. Rxa6 d4 24. Bh6 Bd5 25. Bxg7+ Kxg7 26. f3 Nc3 27. Re1 Rxf3 28. gxf3 Bxf3 29. Qg5 Kf7 30. Rxe5 Nxb1 31. Qf6+ Kg8 32. Rae6 1-0

[Event "Olympiad-42"]
[Site "Baku"]
[Date "2016.09.11"]
[Round "9.4"]
[White "Petrik, Tomas"]
[Black "Jezov, Roman"]
[Result "1/2-1/2"]
[WhiteElo "2464"]
[BlackElo "2283"]
[PlyCount "95"]
[EventDate "2016.09.02"]
[EventType "team-swiss"]
[EventRounds "11"]
[EventCountry "AZE"]
[SourceTitle "CBM 175"]
[Source "ChessBase"]
[SourceDate "2016.11.10"]
[SourceVersion "1"]
[SourceVersionDate "2016.11.10"]
[SourceQuality "1"]
[WhiteTeam "Slovakia"]
[BlackTeam "Estonia"]
[WhiteTeamCountry "SVK"]
[BlackTeamCountry "EST"]

1. e4 e5 2. Nf3 Nc6 3. Bb5 a6 4. Ba4 d6 5. c3 f5 6. exf5 Bxf5 7. 0-0 Bd3 8. Re1 Be7 9. Bc2 Bxc2 10. Qxc2 Nf6 11. d4 e4 12. Ng5 d5 13. f3 h6 14. Nh3 0-0 15. Nd2 exf3 16. Nxf3 Bd6 17. Bf4 Ne4 18. Bxd6 Qxd6 19. Nf2 Nxf2 20. Qxf2 Qg6 21. Re2 Rae8 22. Rae1 Re4 23. Re3 Rfe8 24. Qc2 Qg4 25. Rxe4 Rxe4 26. Qf2 Qf5 27. h3 Rxe1+ 28. Qxe1 Kh7 29. Kh2 Qf4+ 30. Qg3 Qxg3+ 31. Kxg3 Kg6 32. Kf4 Kf6 33. h4 Ne7 34. h5 g5+ 35. hxg6 Nxg6+ 36. Kg4 h5+ 37. Kg3 Kf5 38. Nh4+ Nxh4 39. Kxh4 Kg6 40. b4 Kh6 41. a4 b5 42. a5 Kg6 43. g4 hxg4 44. Kxg4 c6 45. Kf4 Kf6 46. Kg4 Kg6 47. Kf4 Kf6 48. Kg4 1/2-1/2

[Event "Olympiad-42"]
[Site "Baku"]
[Date "2016.09.09"]
[Round "7.4"]
[White "Jezov, Roman"]
[Black "Jose Queralto, Daniel"]
[Result "1-0"]
[WhiteElo "2283"]
[BlackElo "2107"]
[PlyCount "75"]
[EventDate "2016.09.02"]
[EventType "team-swiss"]
[EventRounds "11"]
[EventCountry "AZE"]
[SourceTitle "CBM 175"]
[Source "ChessBase"]
[SourceDate "2016.11.10"]
[SourceVersion "1"]
[SourceVersionDate "2016.11.10"]
[SourceQuality "1"]
[WhiteTeam "Estonia"]
[BlackTeam "Andorra"]
[WhiteTeamCountry "EST"]
[BlackTeamCountry "AND"]

1. Nf3 d5 2. c4 dxc4 3. e3 e6 4. Bxc4 Nf6 5. 0-0 c5 6. Qe2 Nc6 7. Rd1 Be7 8. Nc3 0-0 9. d4 cxd4 10. Nxd4 Nxd4 11. exd4 Re8 12. Qf3 Qc7 13. Bb5 Bd7 14. Bf4 Bd6 15. Be5 Qb6 16. Bd3 Be7 17. Ne4 Nxe4 18. Bxe4 f6 19. Bxb7 Rad8 20. Bf4 Bb5 21. a4 Bc4 22. Qc6 Qb4 23. Ba6 Bxa6 24. Qxe6+ Kf8 25. Qxa6 Rxd4 26. Be3 Rxd1+ 27. Rxd1 Qxb2 28. Qxa7 Qc2 29. Rc1 Rd8 30. h3 Rd1+ 31. Rxd1 Qxd1+ 32. Kh2 Bd6+ 33. g3 Qd5 34. a5 h5 35. h4 Qc4 36. Qd4 Qc6 37. Qb6 Qd5 38. a6 1-0

[Event "Olympiad-42"]
[Site "Baku"]
[Date "2016.09.05"]
[Round "4.4"]
[White "Jezov, Roman"]
[Black "Kostenko, Petr"]
[Result "1/2-1/2"]
[WhiteElo "2283"]
[BlackElo "2476"]
[PlyCount "54"]
[EventDate "2016.09.02"]
[EventType "team-swiss"]
[EventRounds "11"]
[EventCountry "AZE"]
[SourceTitle "CBM 175"]
[Source "ChessBase"]
[SourceDate "2016.11.10"]
[SourceVersion "1"]
[SourceVersionDate "2016.11.10"]
[SourceQuality "1"]
[WhiteTeam "Estonia"]
[BlackTeam "Kazakhstan"]
[WhiteTeamCountry "EST"]
[BlackTeamCountry "KAZ"]

1. e4 e6 2. d4 d5 3. Nc3 Nf6 4. Bg5 dxe4 5. Nxe4 Nbd7 6. Nf3 h6 7. Nxf6+ Nxf6 8. Bxf6 Qxf6 9. Bb5+ c6 10. Bd3 Bd7 11. Qe2 c5 12. 0-0-0 0-0-0 13. Bb5 Bxb5 14. Qxb5 Qf4+ 15. Kb1 cxd4 16. Qc4+ Qc7 17. Qxc7+ Kxc7 18. Ne5 Rd5 19. Nxf7 Rg8 20. Rhe1 Rf5 21. Ne5 Rxf2 22. Rxd4 Rxg2 23. Rc4+ Kd6 24. Rd4+ Kc7 25. Rc4+ Kd6 26. Rd4+ Kc7 27. Rc4+ Kd6 1/2-1/2

[Event "Olympiad-42"]
[Site "Baku"]
[Date "2016.09.04"]
[Round "3.4"]
[White "Luukkonen, Tommi"]
[Black "Jezov, Roman"]
[Result "0-1"]
[WhiteElo "2354"]
[BlackElo "2283"]
[PlyCount "74"]
[EventDate "2016.09.02"]
[EventType "team-swiss"]
[EventRounds "11"]
[EventCountry "AZE"]
[SourceTitle "CBM 175"]
[Source "ChessBase"]
[SourceDate "2016.11.10"]
[SourceVersion "1"]
[SourceVersionDate "2016.11.10"]
[SourceQuality "1"]
[WhiteTeam "Finland"]
[BlackTeam "Estonia"]
[WhiteTeamCountry "FIN"]
[BlackTeamCountry "EST"]

1. e4 c5 2. Nf3 e6 3. d4 cxd4 4. Nxd4 a6 5. Bd3 Nf6 6. 0-0 Qc7 7. Qe2 d6 8. c4 Be7 9. Nc3 Nbd7 10. f4 b6 11. Bd2 Bb7 12. f5 e5 13. Nf3 Rc8 14. Kh1 h5 15. Rac1 Qb8 16. Bg5 Bd8 17. b4 h4 18. Nd5 Kf8 19. a4 a5 20. Qd2 axb4 21. Nxh4 Nc5 22. Nxf6 gxf6 23. Bh6+ Ke8 24. Bb1 Nb3 25. Qe3 Nxc1 26. Rxc1 Qa8 27. Bd3 Qxa4 28. Qg3 Qa3 29. Rd1 Rxh6 30. Qg8+ Kd7 31. Qxf7+ Kc6 32. Ng6 b5 33. c5 dxc5 34. Qe6+ Kc7 35. Bxb5 Kb8 36. Bd7 Bxe4 37. Nf4 Qg3 0-1

[Event "Viljandi Raud Memorial 50th"]
[Site "Viljandi"]
[Date "2016.07.05"]
[Round "9"]
[White "Berzinsh, Roland"]
[Black "Jezov, Roman"]
[Result "1/2-1/2"]
[WhiteElo "2416"]
[BlackElo "2304"]
[PlyCount "21"]
[EventDate "2016.06.27"]
[EventType "swiss"]
[EventRounds "9"]
[EventCountry "EST"]
[SourceTitle "CBM 173 Extra"]
[Source "ChessBase"]
[SourceDate "2016.08.29"]
[SourceVersion "1"]
[SourceVersionDate "2016.08.29"]
[SourceQuality "1"]

1. e4 c5 2. Nf3 e6 3. c4 Nc6 4. Nc3 e5 5. d3 g6 6. Bg5 f6 7. Be3 d6 8. h4 h5 9. Be2 Nh6 10. Nh2 Nd4 11. Qd2 1/2-1/2

[Event "Viljandi Raud Memorial 50th"]
[Site "Viljandi"]
[Date "2016.07.01"]
[Round "5"]
[White "Nero, Georg"]
[Black "Jezov, Roman"]
[Result "0-1"]
[WhiteElo "1813"]
[BlackElo "2304"]
[PlyCount "78"]
[EventDate "2016.06.27"]
[EventType "swiss"]
[EventRounds "9"]
[EventCountry "EST"]
[SourceTitle "CBM 173 Extra"]
[Source "ChessBase"]
[SourceDate "2016.08.29"]
[SourceVersion "1"]
[SourceVersionDate "2016.08.29"]
[SourceQuality "1"]

1. Nf3 c5 2. c4 Nf6 3. Nc3 g6 4. g3 b6 5. Bg2 Bb7 6. 0-0 Bg7 7. d4 cxd4 8. Nxd4 Bxg2 9. Kxg2 Qc8 10. Qd3 Na6 11. b3 h5 12. Bb2 h4 13. Nd5 Nxd5 14. cxd5 Nb4 15. Qe4 f5 16. Qe3 Nxd5 17. Qg5 Bxd4 18. Qxg6+ Kf8 19. Bxd4 Nf4+ 20. gxf4 Rg8 21. Qxg8+ Kxg8 22. Rac1 Qb7+ 23. f3 Rc8 24. Be3 Re8 25. Kf2 Kf7 26. Rfd1 Rg8 27. Rg1 Rxg1 28. Rxg1 Qa6 29. a4 Qa5 30. Rd1 Qc3 31. Rd3 Qg7 32. Rxd7 h3 33. Rxa7 Qg2+ 34. Ke1 Qxh2 35. Bxb6 Qxf4 36. Bg1 Qg3+ 37. Bf2 Qf4 38. Bg1 h2 39. Bxh2 Qc1+ 0-1

[Event "Baltic zt"]
[Site "Tallinn"]
[Date "2015.01.19"]
[Round "11"]
[White "Jezov, Roman"]
[Black "Neiksans, Arturs"]
[Result "0-1"]
[WhiteElo "2238"]
[BlackElo "2567"]
[PlyCount "116"]
[EventDate "2015.01.12"]
[EventType "tourn"]
[EventRounds "11"]
[EventCountry "EST"]
[EventCategory "9"]
[SourceTitle "CBM 164 Extra"]
[Source "ChessBase"]
[SourceDate "2015.03.02"]
[SourceVersion "1"]
[SourceVersionDate "2015.03.02"]
[SourceQuality "1"]

1. e4 c5 2. b3 Nc6 3. Bb2 b6 4. Nc3 Bb7 5. f4 e6 6. Nf3 Nd4 7. Bd3 Nf6 8. 0-0 Be7 9. Qe1 Nxf3+ 10. Rxf3 0-0 11. e5 Bxf3 12. exf6 Bxf6 13. gxf3 Bd4+ 14. Kh1 Qf6 15. Qg3 d5 16. Qg5 Qxg5 17. fxg5 f6 18. gxf6 Rxf6 19. Kg2 Raf8 20. Rf1 g5 21. Nd1 Bxb2 22. Nxb2 h5 23. Nd1 Kf7 24. Ne3 Ke7 25. Be2 Kd6 26. Kh1 b5 27. Rg1 Rg8 28. Bxb5 Rxf3 29. Be2 Rf2 30. Re1 g4 31. Kg1 Rf4 32. Rf1 Rxf1+ 33. Nxf1 Ke5 34. Kg2 Kf4 35. Ne3 Rg7 36. Kf2 Rf7 37. Ng2+ Kg5+ 38. Kg3 Rh7 39. Ne3 Rh8 40. Kf2 Kh4 41. Ng2+ Kg5 42. Ne3 Rd8 43. Kg3 e5 44. Bb5 Rd6 45. Be8 h4+ 46. Kg2 e4 47. Bf7 d4 48. Nd5 Rd7 49. Be6 Rd8 50. c4 e3 51. dxe3 dxe3 52. Kf1 Rf8+ 53. Ke1 h3 54. b4 g3 55. Bxh3 gxh2 56. Bg2 Rf2 57. Be4 cxb4 58. Nxb4 Rf4 0-1

[Event "Baltic zt"]
[Site "Tallinn"]
[Date "2015.01.18"]
[Round "10"]
[White "Kveinys, Aloyzas"]
[Black "Jezov, Roman"]
[Result "1/2-1/2"]
[WhiteElo "2522"]
[BlackElo "2238"]
[PlyCount "34"]
[EventDate "2015.01.12"]
[EventType "tourn"]
[EventRounds "11"]
[EventCountry "EST"]
[EventCategory "9"]
[SourceTitle "CBM 164 Extra"]
[Source "ChessBase"]
[SourceDate "2015.03.02"]
[SourceVersion "1"]
[SourceVersionDate "2015.03.02"]
[SourceQuality "1"]

1. d4 Nf6 2. Nf3 c5 3. d5 e6 4. Nc3 exd5 5. Nxd5 Nxd5 6. Qxd5 Be7 7. e4 d6 8. Bc4 0-0 9. 0-0 Nd7 10. Qd3 Nb6 11. Bb3 Be6 12. c4 Nd7 13. Bf4 Qc7 14. Nd2 Ne5 15. Qg3 Bf6 16. Rac1 Rad8 17. Rfe1 Qe7 1/2-1/2